| 000 | 00372nam a2200145Ia 4500 | ||
|---|---|---|---|
| 008 | 230312s9999||||xx |||||||||||||| ||und|| | ||
| 020 | _a0070601437 | ||
| 082 |
_a621.3 _bGIB-E |
||
| 100 | _aGibilisco, Stan | ||
| 245 | 0 | _aElectricity Demystified | |
| 260 |
_bTata McGraw Hill Publishing Company Litd _aIndia _c2005 |
||
| 546 | _aEng. | ||
| 650 | _aEngineering | ||
| 942 | _cBK | ||
| 999 |
_c6183 _d6183 |
||